Computer applications in second language acquisition : foundations for teaching, testing and research

Αποθηκεύτηκε σε:
Λεπτομέρειες βιβλιογραφικής εγγραφής
Κύριος συγγραφέας: Chapelle, Carol A.
Μορφή: Βιβλίο
Γλώσσα:English
Δημοσίευση: [Cambridge; New York] : Cambridge University Press, [c2001]
Σειρά:Cambridge applied linguistics series
Θέματα:
Ετικέτες: Προσθήκη ετικέτας
Δεν υπάρχουν, Καταχωρήστε ετικέτα πρώτοι!

MARC

LEADER 00000nam a2200000 i 4500
001 1/34089
008 060904s2001 eng d
020 |a 0-521-62646-3 (pbk.) 
035 |l 10085125 
040 |a GR-MY-UA  |b gre  |e aacr 
041 0 |a eng 
082 0 |a 418.00285  |2 (22) 
100 1 |a Chapelle, Carol A. 
245 1 0 |a Computer applications in second language acquisition :  |b foundations for teaching, testing and research /  |c Carol A. Chapelle 
260 |a [Cambridge; New York] :   |b Cambridge University Press,   |c [c2001] 
300 |a xvii, 215 σ.;  |c 24 εκ. 
490 1 |a The Cambridge applied linguistics series 
504 |a Βιβλιογραφία: σ. 176-204. Ευρετήριο 
650 0 0 |a Applied linguistics. 
650 0 0 |a Second language acquisition  |x Computer-assisted instruction. 
650 0 0 |a English language  |x Study and teaching. 
830 0 |a Cambridge applied linguistics series 
852 |a INST  |b RHODES  |e 20060904  |h 418.00285 CHA  |p 005400024311  |q 005400024311  |t BK  |y 0 
901 |a BIBL4-2006-2 
909 |a Ρ  |b 129098 
920 |a ΑΝΑΜΟΡΦΩΣΗ  |b ΕΠΕΑΕΚ ΙΙ-ΤΜΣ  |y ΡΟΔΟΣ  |z 2006-07 
970 |a ΚΟΖΑ  |b ΜΑΡΙΑ  |z 2006/09/04